<The> Economic and Social Order of the Federal Republic of Germeny
Saved in:
| Main Author: | |
|---|---|
| Format: | Book |
| Language: | German |
| Published: |
Sankt Augustin
Konrad-Adenauer-Stiftung
1993
|
| Edition: | 1. Aufl. |
| Subjects: | |
| Tags: |
No Tags, Be the first to tag this record!
|
MARC
| LEADER | 00000nam a2200000 4500 | ||
|---|---|---|---|
| 001 | c012913 | ||
| 005 | 20221214083934.5 | ||
| 041 | 0 | |a ger | |
| 044 | |a DE | ||
| 245 | 1 | 0 | |a <The> Economic and Social Order of the Federal Republic of Germeny |c Heinz Lampert |
| 250 | |a 1. Aufl. | ||
| 264 | 1 | |a Sankt Augustin |b Konrad-Adenauer-Stiftung |c 1993 | |
| 300 | |a 188 s. | ||
| 610 | 2 | 0 | |a hospodárstvo národné |
| 610 | 2 | 0 | |a teórie ekonomické |
| 610 | 2 | 0 | |a systémy ekonomické |
| 610 | 2 | 0 | |a trh |
| 610 | 2 | 0 | |a právo hospodárske |
| 610 | 2 | 0 | |a právo finančné |
| 610 | 2 | 0 | |a trh práce |
| 610 | 2 | 0 | |a poistenie nemocenské |
| 610 | 2 | 0 | |a poistenie úrazové |
| 610 | 2 | 0 | |a Fond dôchodkového poistenia |
| 610 | 2 | 0 | |a Nemecko |
| 610 | 2 | 0 | |a Všeobecná dohoda o clách a obchode |
| 610 | 2 | 0 | |a Medzinárodný menový fond |
| 610 | 2 | 0 | |a EC |
| 610 | 2 | 0 | |a ECSC |
| 610 | 2 | 0 | |a EEC |
| 610 | 2 | 0 | |a EURATOM |
| 100 | 1 | |a Lampert, Heinz | |